000 01278cam a2200325 a 4500
001 1668817
003 ARRUPE
005 20211008095524.0
008 980126s1999 nyua b 001 0 eng
010 _a 98005364
020 _a0195123840 (alk. paper)
040 _aDLC
_cDLC
_dDLC
050 0 0 _aBF341
_b.C68 1999
082 0 0 _a149/.7
_221
100 1 _aCowie, Fiona,
_d1963-
_950365
245 1 0 _aWhat's within? :
_bnativism reconsidered /
_cFiona Cowie.
260 _aNew York :
_bOxford University Press,
_c1999.
300 _axvii, 334 p. :
_bill. ;
_c24 cm.
440 0 _aPhilosophy of mind series
_950366
504 _aIncludes bibliographical references (p. 313-330) and index.
600 1 0 _aChomsky, Noam.
650 0 _aNativism (Psychology)
_92347
650 0 _aInnate ideas (Philosophy)
_950367
650 0 _aLanguage acquisition.
856 4 2 _3Publisher description
_uhttp://www.loc.gov/catdir/enhancements/fy0604/98005364-d.html
856 4 2 _3Contributor biographical information
_uhttp://www.loc.gov/catdir/enhancements/fy0724/98005364-b.html
906 _a7
_bcbc
_corignew
_d1
_eocip
_f19
_gy-gencatlg
942 _2lcc
_cMONOGRAPH
999 _c130729
_d130729